000 01108nam a2200313Ia 4500
003 GCL
008 140319s9999 xx 000 0 ara d
040 _aGCL /
_cGCL
082 0 4 _aق
_b962.04
_bع ع
100 1 _aعبدالفتاح عبدالصمد منصور
245 1 0 _aالعلاقات المصرية السودانية 1899 - 1924 /
_cعبدالفتاح عبدالصمد منصور
260 _a[S.N] :
_bالهيئة المصرية العامة للكتاب ،
_c1993
300 _a507 ص
490 _a
650 0 4 _aالعصر الحديث
650 0 4 _aمصر
650 0 4 _aتاريخ
650 0 4 _aالاحوال السياسية
650 0 4 _aالسودان
650 0 4 _aالاحوال الاقتصادية
650 0 4 _aالعلاقات الخارجية
650 0 4 _aالعلاقات السياسية
650 0 4 _aالملك فؤاد
650 0 4 _aعباس حلمى الثانى 1914-1892
650 0 4 _aالعصر الحجرى
650 0 4 _aالسلطان حسين كامل (1914 - 1917
650 0 4 _aالملك احمد فؤاد (1923 - 1936)
942 _2ddc
_cBK
999 _c52528
_d52528